| 000 | 00651nmm a2200193Ia 4500 | ||
|---|---|---|---|
| 008 | 251105s9999||||xx |||||||||||||||||und|| | ||
| 020 | _a9789587381641 | ||
| 041 | _aspa | ||
| 100 | _aCarlos Eduardo Maldonado | ||
| 245 | 0 |
_aEl mundo de las ciencias de la complejidad : _b Una investigación sobre qué son, su desarrollo y sus posibilidades |
|
| 264 |
_a[Bogotá, Colombia] : _bUniversidad del Rosario, _c2011 |
||
| 300 | _a180 páginas | ||
| 490 | _aComplejidad | ||
| 650 | _aSciences | ||
| 700 | _aCarlos Eduardo Maldonado | ||
| 700 | 1 | _a Nelson Alfonso Gómez Cruz | |
| 856 | _uhttps://public.digitaliapublishing.com/a/14849 | ||
| 942 | _cCF | ||
| 999 |
_c63564 _d63564 |
||